Vista normal
Vista MARC
Entrada Topical Term
Número de registros utilizados en: 1
001 - CONTROL NUMBER
- control field: 9200
003 - CONTROL NUMBER IDENTIFIER
- control field: OSt
005 - DATE AND TIME OF LATEST TRANSACTION
- control field: 20200825122929.0
008 - FIXED-LENGTH DATA ELEMENTS
- fixed length control field: 200825|| aca||aabn | a|a d
040 ## - CATALOGING SOURCE
- Original cataloging agency: OSt
- Transcribing agency: OSt
150 ## - HEADING--TOPICAL TERM
- Topical term or geographic name entry element: Colombia. Sistema General de Seguridad Social en Salud--Legislación--Colombia Seguridad social--Legislación--Colombia Política de salud--Legislación--Colombia--
670 ## - SOURCE DATA FOUND
- Source citation: Work cat.: (OSt)4567: García Cancino, Miguel, autor 9198, Financiamiento del sistema general de seguridad social en salud : , [2011].